000 00679cam a2200205 a 4500
001 1637194
005 20250321170003.0
008 961119s1997 maua b 001 0 eng
020 _a087584782X (alk. paper)
050 0 0 _aHD31
_b.G438 1997
082 0 0 _a658
_221
100 1 _aGeus, Arie de.
245 1 4 _aThe living company /
_cArie de Geus ; foreword by Peter M. Senge.
260 _aBoston, Mass. :
_bHarvard Business School Press,
_cc1997.
300 _axiv, 215 p. :
_bill. ;
_c24 cm.
650 0 _aIndustrial management.
650 0 _aCorporations
_xCase studies.
856 7 _3Table of Contents
_uhttp://lcweb.loc.gov/catdir/toc/96048384.html
_2http
942 _2lcc
_cBK
_n0
999 _c5057
_d5057